Something beautiful for God : (Record no. 6527)
[ view plain ]
| 000 -LEADER | |
|---|---|
| fixed length control field | 00837cam a2200253Ii 4500 |
| 001 - CONTROL NUMBER | |
| control field | 2739901 |
| 003 - CONTROL NUMBER IDENTIFIER | |
| control field | OCoLC |
| 005 - DATE AND TIME OF LATEST TRANSACTION | |
| control field | 20190117123103.0 |
| 008 - FIXED-LENGTH DATA ELEMENTS--GENERAL INFORMATION | |
| fixed length control field | 770215t19771971nyuaf 000 0beng d |
| 020 ## - INTERNATIONAL STANDARD BOOK NUMBER | |
| International Standard Book Number | 0385126395 (pbk.) : |
| 020 ## - INTERNATIONAL STANDARD BOOK NUMBER | |
| International Standard Book Number | 9780385126397 (pbk.) |
| 040 ## - CATALOGING SOURCE | |
| Original cataloging agency | APL |
| Transcribing agency | APL |
| Modifying agency | XBM |
| -- | BAKER |
| -- | OCLCQ |
| -- | YDXCP |
| -- | OCLCG |
| 082 ## - DEWEY DECIMAL CLASSIFICATION NUMBER | |
| Classification number | 271.9 |
| Item number | M951S |
| 090 ## - LOCALLY ASSIGNED LC-TYPE CALL NUMBER (OCLC); LOCAL CALL NUMBER (RLIN) | |
| Classification number (OCLC) (R) ; Classification number, CALL (RLIN) (NR) | BX4406.5.Z8 |
| Local cutter number (OCLC) ; Book number/undivided call number, CALL (RLIN) | M8 1977 |
| 100 1# - MAIN ENTRY--PERSONAL NAME | |
| Personal name | Muggeridge, Malcolm, |
| Dates associated with a name | 1903-1990. |
| 245 10 - TITLE STATEMENT | |
| Title | Something beautiful for God : |
| Remainder of title | Mother Teresa of Calcutta / |
| Statement of responsibility, etc. | Malcolm Muggeridge. |
| 260 ## - PUBLICATION, DISTRIBUTION, ETC. | |
| Place of publication, distribution, etc. | Garden City, N.Y. : |
| Name of publisher, distributor, etc. | Image Books, |
| Date of publication, distribution, etc. | 1977, c1971. |
| 300 ## - PHYSICAL DESCRIPTION | |
| Extent | 120 p., [16] leaves of plates : |
| Other physical details | ill. ; |
| Dimensions | 18 cm. |
| 490 1# - SERIES STATEMENT | |
| Series statement | A Doubleday image book |
| 600 00 - SUBJECT ADDED ENTRY--PERSONAL NAME | |
| Personal name | Teresa, |
| Titles and other words associated with a name | Mother, Saint, |
| Dates associated with a name | 1910-1997. |
| 610 20 - SUBJECT ADDED ENTRY--CORPORATE NAME | |
| Corporate name or jurisdiction name as entry element | Missionaries of Charity. |
| 830 #0 - SERIES ADDED ENTRY--UNIFORM TITLE | |
| Uniform title | Doubleday Image book. |
| 942 ## - ADDED ENTRY ELEMENTS (KOHA) | |
| Source of classification or shelving scheme | Dewey Decimal Classification |
| Koha item type | Books |
| Withdrawn status | Lost status | Source of classification or shelving scheme | Damaged status | Not for loan | Collection code | Home library | Current library | Shelving location | Date acquired | Cost, normal purchase price | Total Checkouts | Full call number | Barcode | Date last seen | Price effective from | Koha item type |
|---|---|---|---|---|---|---|---|---|---|---|---|---|---|---|---|---|
| Dewey Decimal Classification | Non-fiction | Harvest Mission College | Harvest Mission College | General Stacks | 17.01.2019 | 850.00 | 271.9 M951S | 007359 | 17.01.2019 | 17.01.2019 | Books |
